| 000 | 00626nam a2200205 i 4500 | ||
|---|---|---|---|
| 001 | 91730 | ||
| 003 | ES-MaACL | ||
| 005 | 20250920063049.0 | ||
| 007 | t| | ||
| 008 | 050210s1917 sp |||| | spa d | ||
| 080 | _a82.134.2(72)-32"18" | ||
| 100 | 1 |
_aNervo, Amado, _d1870-1919 _985404 |
|
| 245 | 1 | 3 |
_aEl diamante de la inquietud _b: novela inédita / _cAmado Nervo. |
| 260 |
_a[Madrid : _bLa Novela Corta, _c1917] |
||
| 300 |
_a33 p. ; _c20 cm. |
||
| 490 | 1 |
_aLa Novela Corta ; _vaño 2, n. 62 |
|
| 830 | 0 |
_aLa Novela Corta ; _vaño 2, n. 62 _9182142 |
|
| 852 |
_aES-MaACL _j2186-F-39 |
||
| 999 |
_c91730 _d91730 |
||